The fight over nuclear power : the energy controversy /

Bibliographic Details
Main Author: Schmidt, Fred Henry, 1915-
Other Authors: Bodansky, David
Format: Book
Language:English
Published: San Francisco : Albion Pub. Co., [1976]
Subjects:

MARC

Tag First Indicator Second Indicator Subfields
LEADER 00000cam a2200000 i 4500
001 in00000307456
005 20151010151221.0
008 761201s1976 caua b 00110 eng
010 |a  76014321  
020 |a 0878430024 :  |c $4.95 
035 |a (OCoLC)02540659 
035 |9 ABH9339AM 
040 |a DLC  |c DLC  |d TXA  |d UtOrBLW 
049 |a TXAM  |c [1540733] 
050 0 0 |a TK1078  |b .S33 
082 0 |a 621.48/3 
100 1 |a Schmidt, Fred Henry,  |d 1915- 
245 1 4 |a The fight over nuclear power :  |b the energy controversy /  |c Fred H. Schmidt, David Bodansky ; foreword by Hans A. Bethe. 
264 1 |a San Francisco :  |b Albion Pub. Co.,  |c [1976] 
264 4 |c ©1976 
300 |a xiii, 154 pages :  |b illustrations ;  |c 23 cm. 
336 |a text  |b txt  |2 rdacontent 
337 |a unmediated  |b n  |2 rdamedia 
338 |a volume  |b nc  |2 rdacarrier 
500 |a Includes index. 
504 |a Bibliography: pages 149-151. 
650 0 |a Nuclear power plants. 
650 0 |a Nuclear energy. 
700 1 |a Bodansky, David. 
740 4 |a The energy controversy. 
999 |a MARS 
999 f f |s 8c3a3733-83c6-39e3-9f42-b9901bd7a40c  |i 36de9bb6-15f9-3903-80db-9ce6081e0165  |t 0 
952 f f |p ric  |a Texas A&M University  |b Rellis Campus  |c Joint Library Facility  |d Remote Storage  |t 0  |e TK1078 .S33  |h Library of Congress classification  |i unmediated -- volume  |m A14805464905 
998 f f |a TK1078 .S33  |t 0  |l Remote Storage